[Event "Berdsk Maestro op 14th"]
[Site "Berdsk"]
[Date "2008.07.13"]
[Round "6"]
[White "Gryazev, Igor"]
[Black "Samkov, Maxim"]
[Result "0-1"]
[WhiteElo "1964"]
[BlackElo "2161"]
[PlyCount "94"]
[EventDate "2008.07.08"]
[EventType "swiss"]
[EventRounds "9"]
[EventCountry "RUS"]
[SourceTitle "CBM 125 Extra"]
[Source "ChessBase"]
[SourceDate "2008.09.01"]
[SourceVersion "1"]
[SourceVersionDate "2008.09.01"]
[SourceQuality "1"]

1. e4 e6 2. d4 d5 3. exd5 exd5 4. Bf4 Bd6 5. Bg3 Ne7 6. Bd3 Bf5 7. Nf3 0-0 8. 0-0 Bxg3 9. hxg3 Nd7 10. Re1 Nf6 11. Nc3 Bxd3 12. Qxd3 c6 13. Re2 Nc8 14. Rae1 Nd6 15. Nd2 Qb6 16. b3 Rae8 17. Na4 Rxe2 18. Rxe2 Qb5 19. Qxb5 Nxb5 20. c3 Re8 21. Rxe8+ Nxe8 22. f3 Nec7 23. Kf2 Ne6 24. Nf1 Kf8 25. Ke2 Ke7 26. Kd3 h5 27. Ne3 g6 28. Nf1 f5 29. Nc5 Nxc5+ 30. dxc5 Nc7 31. b4 Kf6 32. f4 Ne8 33. a4 Ke6 34. c4 Nf6 35. cxd5+ Nxd5 36. Kc4 h4 37. gxh4 Nxf4 38. g3 Nd5 39. b5 Ke5 40. a5 cxb5+ 41. Kxb5 Ke4 42. a6 Nc7+ 43. Ka5 bxa6 44. c6 Kd5 45. Ne3+ Kxc6 46. h5 f4 47. gxf4 gxh5 0-1